000 00662nam a22001937a 4500
005 20081022113213.0
008 081022t xxu||||| |||| 00| 0 eng d
010 _aENG-84294
020 _a0195687477
020 _c225.00 (hb)
035 _aEN-67827
082 _a598.02
245 _aTHe Illustrated Salim Ali /
_bthe fall of a sparrow:
260 _aNew Delhi
_bOxford University Press
260 _c2007
300 _aviii,128p
_c24cm
942 _2ddc
_cEN
_h598.02
_mSAL
999 _c17633
_d17633